Kyoto Municipal Subway - All Stations - Statistics

General Stats
  • This quiz has been taken 224 times
  • The average score is 15 of 31
Answer Stats
Line Station % Correct
Karasuma Kyoto
94%
Karasuma Shijo
83%
Karasuma Gojo
81%
Tozai Nijo
80%
Karasuma Karasuma Oike
70%
Karasuma Kujo
70%
Karasuma Jujo
69%
Karasuma Takeda
53%
Karasuma Imadegawa
52%
Karasuma Kokusaikaikan
52%
Karasuma Marutamachi
52%
Tozai Sanjo Keihan
49%
Tozai Higashiyama
48%
Karasuma Kitayama
48%
Tozai Rokujizo
48%
Karasuma Kitaoji
47%
Tozai Nijojomae
44%
Tozai Yamashina
42%
Karasuma Kuinabashi
40%
Tozai Kyoto Shiyakushomae
40%
Karasuma Kuramaguchi
38%
Tozai Keage
37%
Tozai Uzumasa Tenjingawa
36%
Karasuma Matsugasaki
35%
Tozai Misasagi
31%
Tozai Daigo
30%
Tozai Ishida
27%
Tozai Nishioji Oike
27%
Tozai Ono
22%
Tozai Higashino
21%
Tozai Nagatsuji
2%
No matching quizzes found
Score Distribution
Percent of People with Each Score
Percentile by Number Answered
Your Score History
You have not taken this quiz